Econometrics for dummies / (Record no. 23067)
[ view plain ]
| 000 -LEADER | |
|---|---|
| fixed length control field | 01518cam a22002655a 4500 |
| 001 - CONTROL NUMBER | |
| control field | 17650432 |
| 005 - DATE AND TIME OF LATEST TRANSACTION | |
| control field | 20161108113937.0 |
| 008 - FIXED-LENGTH DATA ELEMENTS--GENERAL INFORMATION | |
| fixed length control field | 130307t2013 njua fr 001 0 eng d |
| 020 ## - INTERNATIONAL STANDARD BOOK NUMBER | |
| International Standard Book Number | 9781118533840 |
| 020 ## - INTERNATIONAL STANDARD BOOK NUMBER | |
| International Standard Book Number | 1118533844 |
| 040 ## - CATALOGING SOURCE | |
| Original cataloging agency | YDXCP |
| Transcribing agency | YDXCP |
| Modifying agency | OCLCQ |
| -- | GK8 |
| -- | UKMGB |
| -- | BDX |
| -- | CCE |
| -- | ILC |
| -- | KNJ |
| -- | NGU |
| -- | DLC |
| -- | EG-ScBUE |
| Language of cataloging | eng |
| 082 04 - DEWEY DECIMAL CLASSIFICATION NUMBER | |
| Edition number | 22 |
| Classification number | 330.015195 |
| Item number | PED |
| 100 1# - MAIN ENTRY--PERSONAL NAME | |
| Personal name | Pedace, Roberto. |
| 245 10 - TITLE STATEMENT | |
| Title | Econometrics for dummies / |
| Statement of responsibility, etc | by Roberto Pedace. |
| 260 ## - PUBLICATION, DISTRIBUTION, ETC. (IMPRINT) | |
| Place of publication, distribution, etc | Hoboken : |
| Name of publisher, distributor, etc | John Wiley & Sons, |
| Date of publication, distribution, etc | c.2013. |
| 300 ## - PHYSICAL DESCRIPTION | |
| Extent | xvi, 342 p. : |
| Other physical details | ill. ; |
| Dimensions | 24 cm. |
| 490 0# - Series Statement | |
| Series statement | For dummies |
| 500 ## - GENERAL NOTE | |
| General note | Index : p. 327-342. |
| 505 0# - FORMATTED CONTENTS NOTE | |
| Formatted contents note | Introduction -- Getting started with econometrics -- Building the classical linear regression model -- Working with the classical regression model -- Violations of classical regression model assumptions -- Discrete and restricted dependent variables in econometrics -- Extending the basic econometric model -- The part of ten -- Appendix: Statistical tables. |
| 520 ## - SUMMARY, ETC. | |
| Summary, etc | Econometrics can prove challenging for many students unfamiliar with the terms and concepts discussed in a typical econometrics course. Pedace eliminates that confusion with easy-to-understand explanations of important topics, and provides you with an easy-to-follow course supplement to further refine your understanding of how econometrics works and how it can be applied in real-world situations. |
| 650 #7 - SUBJECT ADDED ENTRY--TOPICAL TERM | |
| Topical term or geographic name as entry element | Econometrics. |
| Source of heading or term | BUEsh |
| 9 (RLIN) | 3215 |
| 651 ## - SUBJECT ADDED ENTRY--GEOGRAPHIC NAME | |
| Source of heading or term | BUEsh |
| 653 ## - INDEX TERM--UNCONTROLLED | |
| Resource For college | BAEPS, Economics |
| Arrived date list | November2016 |
| 942 ## - ADDED ENTRY ELEMENTS (KOHA) | |
| Source of classification or shelving scheme | Dewey Decimal Classification |
| Withdrawn status | Item status | Source of classification or shelving scheme | Damaged status | Not for loan | Vendor | Home library | Current library | Shelving location | Date acquired | Source of acquisition | Cost, normal purchase price | Total Checkouts | Full call number | Barcode | Date last seen | Date last borrowed | Koha item type | Total Renewals |
|---|---|---|---|---|---|---|---|---|---|---|---|---|---|---|---|---|---|---|
| Dewey Decimal Classification | Baccah | Central Library | Central Library | First floor | 08/11/2016 | Purchase | 300.00 | 2 | 330.015195 PED | 000034759 | 15/07/2025 | 18/10/2017 | Book - Borrowing | |||||
| Dewey Decimal Classification | Baccah | Central Library | Central Library | First floor | 08/11/2016 | Purchase | 1 | 330.015195 PED | 000034760 | 15/07/2025 | 05/10/2019 | Book - Borrowing | 5 | |||||
| Dewey Decimal Classification | Baccah | Central Library | Central Library | First floor | 08/11/2016 | Purchase | 1 | 330.015195 PED | 000034761 | 15/07/2025 | 18/10/2017 | Book - Borrowing | 6 |